Does the elephant dance? : (Record no. 3610)

MARC details
000 -LEADER
fixed length control field 01428cam a2200229 4500
001 - CONTROL NUMBER
control field 4368
005 - DATE AND TIME OF LATEST TRANSACTION
control field 20181127173249.0
008 - FIXED-LENGTH DATA ELEMENTS--GENERAL INFORMATION
fixed length control field 110602s2011 enkab b 001 0 eng d
010 ## - LIBRARY OF CONGRESS CONTROL NUMBER
LC control number 2011378910
020 ## - INTERNATIONAL STANDARD BOOK NUMBER
International Standard Book Number 0198092377
International Standard Book Number 0199552029
International Standard Book Number 9780199661275 (pbk.)
042 ## - AUTHENTICATION CODE
Authentication code lccopycat
100 1# - MAIN ENTRY--PERSONAL NAME
Personal name Malone, David,
Dates associated with a name 1954-
Relator code aut
245 10 - TITLE STATEMENT
Title Does the elephant dance? :
Remainder of title contemporary Indian foreign policy /
Statement of responsibility, etc. David M. Malone.
260 ## - PUBLICATION, DISTRIBUTION, ETC.
Place of publication, distribution, etc. Oxford ;
-- New York :
Name of publisher, distributor, etc. Oxford University Press,
Date of publication, distribution, etc. 2014.
300 ## - PHYSICAL DESCRIPTION
Extent xxii, 425 p. :
Other physical details ill., map ;
Dimensions 24 cm.
504 ## - BIBLIOGRAPHY, ETC. NOTE
Bibliography, etc. note Includes bibliographical references (p. 379-410) and index.
505 0# - FORMATTED CONTENTS NOTE
Formatted contents note 1. Introduction -- 2. History: a vital foundation of India's international relations -- 3. India's contemporary security challenges: more internal than external? -- 4. India's economy: its global calling card -- 5. India and its South Asian neighbours -- 6. The Sino-Indian relationship: can two tigers share a mountain? -- 7. India-USA relations: the shock of the new -- 8. India's West Asia policy: delicate manoeuvres -- 9. India's East and Southeast Asia policy: catching up -- 10. India's relationships with Europe and Russia: fading glory? -- 11. The evolution of Indian multilateralism: from high ground to high table -- 12. Conclusions.
520 ## - SUMMARY, ETC.
Summary, etc. Surveys the main features of contemporary Indian foreign policy.
651 #0 - SUBJECT ADDED ENTRY--GEOGRAPHIC NAME
Geographic name India
General subdivision Foreign relations
Chronological subdivision 1984-
Holdings
Withdrawn status Lost status Source of classification or shelving scheme Damaged status Not for loan Collection code Home library Current library Shelving location Date acquired Serial Enumeration / chronology Inventory number Total Checkouts Total Renewals Full call number Barcode Date last seen Date last checked out Price effective from Koha item type
    Dewey Decimal Classification     Main TEST RTC Library RTC Library Main opac 19/04/2021 7918 2 1 327.54 MAL 30009847 11/06/2021 20/05/2021 27/11/2018 Main
Royal Thimphu College || All Right Reserved